|
|
|
|
| LEADER |
01805nam a22003137a 4500 |
| 001 |
41036 |
| 003 |
BD-DhAAL |
| 005 |
20240212163554.0 |
| 008 |
230329t2023 bg ||||| b||| 001 0 eng d |
| 020 |
|
|
|a 9789845063920
|
| 040 |
|
|
|a BD-DhAAL
|c BD-DhAAL
|d BD-DhAAL
|
| 082 |
|
|
|a 333.9100954
|
| 100 |
|
|
|a Islam, Md. Nazrul.
|9 53935
|
| 245 |
|
|
|a Sharing Ganges water :
|b Indo-Bangladesh treaties and international law /
|c Md. Nazrul Islam.
|
| 260 |
|
|
|b Dhaka :
|a The University Press Limited,
|c 2023.
|
| 300 |
|
|
|a xx, 286 pages ;
|c 22 cm.
|
| 504 |
|
|
|a Includes bibliographical references and index.
|
| 526 |
|
|
|a AAL, BIGD, ENH
|
| 541 |
|
|
|a The University Press Limited
|e 41036, 41701, 42270, 42271
|
| 650 |
|
|
|a Water resources development
|z India.
|
| 650 |
|
|
|a Water resources development
|z Bangladesh.
|
| 650 |
|
|
|a Water diversion
|z Ganges River (India and Bangladesh).
|9 611
|
| 852 |
|
|
|a Ayesha Abed Library
|c General Stacks
|
| 942 |
|
|
|2 ddc
|c BK
|
| 999 |
|
|
|c 45629
|d 45629
|
| 952 |
|
|
|0 0
|1 0
|2 ddc
|4 0
|6 333_910095400000000_ISL
|7 0
|9 73458
|a BRACUL
|b BRACUL
|c GEN
|d 2023-03-23
|e University Press Limited
|g 675.00
|l 2
|m 38
|o 333.9100954 ISL
|p 3010041036
|r 2025-03-03
|s 2024-09-17
|t 1
|v 900.00
|w 2023-03-23
|y BK
|
| 952 |
|
|
|0 0
|1 0
|2 ddc
|4 0
|6 333_910095400000000_ISL
|7 0
|9 74400
|a BIGD
|b BIGD
|c GEN
|d 2023-09-18
|e The University Press Limited(UPL)
|g 720.00
|l 0
|o 333.9100954 ISL
|p 3050041701
|r 2023-09-18
|t 2
|v 900.00
|w 2023-09-18
|y BK
|
| 952 |
|
|
|0 0
|1 0
|2 ddc
|4 0
|6 333_910095400000000_ISL
|7 0
|9 75127
|a BRACUL
|b BRACUL
|c GEN
|d 2024-02-11
|e Karim International
|g 710.00
|l 1
|m 12
|o 333.9100954 ISL
|p 3010042271
|r 2026-02-01
|s 2025-11-06
|t 2
|v 710.00
|w 2024-02-11
|y BK
|
| 952 |
|
|
|0 0
|1 0
|2 ddc
|4 0
|6 333_910095400000000_ISL
|7 0
|9 75128
|a BRACUL
|b BRACUL
|c GEN
|d 2024-02-11
|e Karim International
|g 710.00
|l 1
|o 333.9100954 ISL
|p 3010042270
|r 2024-06-23
|s 2024-02-19
|t 1
|v 710.00
|w 2024-02-11
|y BK
|